000 01024nam a22002177a 4500
999 _c4496
_d4496
005 20251125232754.0
008 s2536 th tha d
040 _aNALT
041 _atha
050 _aDS581 จ196พ45 2536
100 0 _aพลาดิศัย สิทธิธัญกิจ
245 1 0 _aสมเด็จพระจอมเกล้า พระเจ้ากรุงสยาม
260 3 _aกรุงเทพฯ :
_bเอ็ม.บี.เอ.,
_c2536
300 _a192 หน้า :
_b ภาพประกอบ ;
_c 26 ซม.
650 0 4 _aจอมเกล้าเจ้าอยู่หัว -- พระบาทสมเด็จพระ, 2347--2411
650 0 4 _aพระสยามเทวาธิราช
650 0 4 _aไทย -- ประวัติศาสตร์ -- กรุงรัตนโกสินทร์, รัชกาลที่ 4
850 _aNALT
856 4 0 _uhttps://hdl.handle.net/20.500.14156/386080
_71
942 _cGB
_2lcc